000 00561cam a2200145 4500500
005 20251228053405.0
041 _afre
042 _adc
100 1 0 _aChampagne, Alain
_eauthor
245 0 0 _aAndrée Corvol-Dessert, (dir.), Forêt et transports traditionnels, Cahier d’Études n° 14, 2004, 113 p.
260 _c2005.
500 _a5
786 0 _nHistoire & Sociétés Rurales | 24 | 2 | 2005-10-01 | p. 171u-276u | 1254-728X
856 4 1 _uhttps://shs.cairn.info/revue-histoire-et-societes-rurales-2005-2-page-171u?lang=fr&redirect-ssocas=7080
999 _c1585357
_d1585357